|
|
|
|
| LEADER |
01318nam a2200253 i 4500 |
| 001 |
GR-MES925 |
| 003 |
GR-PaULI |
| 005 |
20250116111043.0 |
| 008 |
991111s1994 gr a g 000 0 gre d |
| 020 |
|
|
|a 9603190675
|
| 040 |
|
|
|a GrPaTEI
|b gre
|c GR-PaULI
|e AACR2
|
| 082 |
|
|
|a 547
|2 23
|
| 100 |
1 |
|
|a Καλκάνης, Γεώργιος
|9 112045
|e συγγραφέας.
|
| 245 |
1 |
0 |
|a Οργανική χημεία /
|c Γ. Καλκάνη, Ι. Χατήρη
|
| 260 |
|
|
|a Αθήνα :
|b Μακεδονικές εκδόσεις,
|c 1994.
|
| 300 |
|
|
|a 232 σ. :
|b εικ. ;
|c 24 εκ.
|
| 504 |
|
|
|a Περιλαμβάνει βιβλιογραφία (σ. 232).
|
| 650 |
|
4 |
|a Χημεία, Οργανική
|x Μελέτη και διδασκαλία
|9 101035
|
| 700 |
1 |
|
|a Χατήρης, Ιωάννης
|9 19274
|e συγγραφέας.
|
| 942 |
|
|
|2 ddc
|c BK
|
| 952 |
|
|
|0 0
|1 0
|2 ddc
|4 0
|6 547_000000000000000_ΚΑΛ
|7 0
|9 264667
|a MSLG
|b MSLG
|c BSC
|d 2021-01-17
|e 24
|f 0
|g 0.00
|i 5931
|l 0
|o 547 ΚΑΛ
|p 2420000005931
|r 2021-01-17 00:00:00
|t 1
|w 2021-01-17
|y BK15
|x 19991111 0 1
|x GrPaTEI
|
| 952 |
|
|
|0 0
|1 0
|2 ddc
|4 0
|6 547_000000000000000_ΚΑΛ
|7 0
|9 264669
|a MSLG
|b MSLG
|c BSC
|d 2021-01-17
|e 24
|f 0
|g 0.00
|i 10947
|l 0
|o 547 ΚΑΛ
|p 2420000010947
|r 2021-01-17 00:00:00
|t 2
|w 2021-01-17
|y BK15
|x 19991111 0 1
|x GrPaTEI
|
| 998 |
|
|
|c ΑΔΑΜΟΠΟΥΛΟΥ
|d 2025-01
|
| 999 |
|
|
|c 152224
|d 152224
|